Estadísticas para Países sin Ríos

Haz click aquí para intentar la prueba.

Estadísticas generales

  • Esta prueba ha sido intentada 995 veces
  • La puntuación promedio es 12 de 17

Estadísticas de respuestas

ContinentePaís% Correcto
EuropaVaticano
87%
EuropaMónaco
81%
OceaníaNauru
77%
AsiaCatar
76%
OceaníaTuvalu
75%
EuropaMalta
73%
AsiaOmán
72%
AsiaYemen
72%
AsiaBaréin
71%
AsiaKuwait
70%
AsiaArabia Saudita
69%
OceaniaKiribati
69%
AsiaEmiratos Árabes
Unidos
68%
OceaníaIslas Marshall
67%
América del NorteBahamas
57%
ÁfricaComoras
52%
AsiaMaldivas
48%

Distribución de puntuación

Porcentaje por número respondido

Porcentaje de gente con cada puntuación

Historial de tus puntuaciones

No has intentado esta prueba.